banner koha

Visula assessment of pasture degradation: validation by ground cover and seasonal variation (Registro n. 254537)

MARC details
000 -LÍDER
campo de controle de tamanho fixo 00937nas a2200301 4500
001 - NÚMERO DE CONTROLE
campo de controle BR2018001750
003 - IDENTIFICADOR DO NÚMERO DE CONTROLE
campo de controle BR-BrBNA
005 - DATA E HORÁRIO DA ÚLTIMA TRANSAÇÃO
campo de controle 20231205131404.0
007 - CAMPO FIXO DE DESCRIÇÃO FÍSICA--INFORMAÇÃO GERAL
campo de controle de tamanho fixo ta
008 - CAMPO DE DADOS FIXOS--INFORMAÇÃO GERAL
campo de controle de tamanho fixo 230509b bl.|||p| |||| 00| 00por d
040 ## - FONTE DA CATALOGAÇÃO
Instituição da catalogação original BR-BrBNA
Idioma da catalogação por
Instituição que transcreveu o registro Biblioteca Nacional de Agricultura
041 ## - CÓDIGO DE IDIOMA
Código do idioma do texto/trilha sonora ou título diferente (En)
072 ## - CÓDIGO DE CATEGORIA DE ASSUNTO
Código de Categoria de Assunto P36
100 1# - ENTRADA PRINCIPAL--NOME PESSOAL
Nome pessoal Monteiro, E. de C.
100 1# - ENTRADA PRINCIPAL--NOME PESSOAL
Nome pessoal Burak, D.L.
100 1# - ENTRADA PRINCIPAL--NOME PESSOAL
Nome pessoal Cunha, A. de M.
100 1# - ENTRADA PRINCIPAL--NOME PESSOAL
Nome pessoal Passos, R.R.
100 1# - ENTRADA PRINCIPAL--NOME PESSOAL
Nome pessoal Mendonça, E. de S.
245 1# - TÍTULO
Título Visula assessment of pasture degradation: validation by ground cover and seasonal variation
650 ## - ASSUNTO--TERMO TÓPICO
Cabeçalho tópico ou nome geográfico CAPIM BRACHIARIA
650 ## - ASSUNTO--TERMO TÓPICO
Cabeçalho tópico ou nome geográfico ANÁLISE DO SOLO
650 ## - ASSUNTO--TERMO TÓPICO
Cabeçalho tópico ou nome geográfico DETERIORAÇÃO DO SOLO
650 ## - ASSUNTO--TERMO TÓPICO
Cabeçalho tópico ou nome geográfico PASTAGEM
650 ## - ASSUNTO--TERMO TÓPICO
Cabeçalho tópico ou nome geográfico MÉTODO ESTATÍSTICO
773 0# - ENTRADA ANALÍTICA
Título Revista Ciência Agronômica (Brazil)
ISSN - International Standard Serial Number ISSN 0045-6888
Partes relacionadas (Jan-Mar 2018), v. 49(1) p. 174-182
Número de controle do registro BR2018001750
909 ## -
-- 202311
-- Lúcia
-- 55
-- Lúcia Elande
942 ## - ELEMENTOS DE ENTRADA ADICIONADOS (KOHA)
Fonte da classificação ou esquema de arquivamento na estante Classificação AGRIS
Ocultar no OPAC Não
Tipo de material Koha Analítica
Exemplares
Situação do descarte Fonte da classificação ou esquema de arquivamento na estante Situação física Não pode ser emprestado Biblioteca de origem Biblioteca atual Localização na estante Enumeração do periódico / cronologia Total de empréstimos Data de último acesso Número do exemplar Tipo de material Koha Fonte de aquisição
  Classificação AGRIS   Consulta local Biblioteca Nacional de Agricultura - Binagri Biblioteca Nacional de Agricultura - Binagri   (Jan-Mar 2018), v. 49(1) p. 174-182   29/11/2023 01 Periódicos Portaria Interministerial nº 164/94

BINAGRI

Telefone: (61)3218-2567/2388/3357/2097 - binagri@agro.gov.br

Ministério da Agricultura e Pecuária , Esplanada dos Ministérios, Bloco D, Anexo B, Brasília/DF, CEP: 70.043-900